<?xml version="1.0" encoding="UTF-8"?><?xml-stylesheet type="text/xsl" href="static/style.xsl"?><OAI-PMH xmlns="http://www.openarchives.org/OAI/2.0/" xmlns:xsi="http://www.w3.org/2001/XMLSchema-instance" xsi:schemaLocation="http://www.openarchives.org/OAI/2.0/ http://www.openarchives.org/OAI/2.0/OAI-PMH.xsd"><responseDate>2026-06-29T02:09:51Z</responseDate><request verb="GetRecord" identifier="oai:docta.ucm.es:20.500.14352/104369" metadataPrefix="marc">https://docta.ucm.es/rest/oai/request</request><GetRecord><record><header><identifier>oai:docta.ucm.es:20.500.14352/104369</identifier><datestamp>2025-03-18T12:31:54Z</datestamp><setSpec>com_20.500.14352_14</setSpec><setSpec>col_20.500.14352_15</setSpec></header><metadata><record xmlns="http://www.loc.gov/MARC21/slim" xmlns:dcterms="http://purl.org/dc/terms/" xmlns:xsi="http://www.w3.org/2001/XMLSchema-instance" xmlns:doc="http://www.lyncode.com/xoai" xsi:schemaLocation="http://www.loc.gov/MARC21/slim http://www.loc.gov/standards/marcxml/schema/MARC21slim.xsd">
   <leader>00925njm 22002777a 4500</leader>
   <datafield ind2=" " ind1=" " tag="042">
      <subfield code="a">dc</subfield>
   </datafield>
   <datafield ind2=" " ind1=" " tag="720">
      <subfield code="a">Rodríguez Cobos, Alfredo</subfield>
      <subfield code="e">author</subfield>
   </datafield>
   <datafield ind2=" " ind1=" " tag="720">
      <subfield code="a">Atencia Fernández, Sabela María</subfield>
      <subfield code="e">author</subfield>
   </datafield>
   <datafield ind2=" " ind1=" " tag="260">
      <subfield code="c">2023-07-25</subfield>
   </datafield>
   <datafield ind2=" " ind1=" " tag="520">
      <subfield code="a">A 2-year-old, neutered, female beagle was presented to a referral hospital for investigation of pancytopenia. The patient had a history of recurrent infections and, on previous blood tests, anaemia, leukopenia and thrombocytopenia were detected. At the time of presentation, the patient had been treated for 2 weeks with omeprazole, amoxicillin-clavulanic acid, marbofloxacin and gabapentin, and for 3 months with prednisolone, in decreasing doses. A bone marrow aspirate and core biopsy were performed. Hypoplastic bone marrow was observed. Once underlying infectious diseases and exposure to toxins were ruled out, a diagnosis of aplastic anaemia was made. The patient was treated with eltrombopag, a thrombopoietin receptor agonist that stimulates primitive haematopoietic stem cells, used for the treatment of aplastic anaemia in humans. One week after starting eltrombopag treatment, all the affected cellular lines were recovered. The patient continued in remission 7 months after treatment.</subfield>
   </datafield>
   <datafield ind1="8" ind2=" " tag="024">
      <subfield code="a">Rodriguez-Cobos A, Atencia S. Aplastic anaemia treated using eltrombopag in a dog. Vet Rec Case Rep. 2023; 11:e675. https://doi.org/10.1002/vrc2.675</subfield>
   </datafield>
   <datafield ind1="8" ind2=" " tag="024">
      <subfield code="a">10.1002/vrc2.675</subfield>
   </datafield>
   <datafield ind1="8" ind2=" " tag="024">
      <subfield code="a">https://hdl.handle.net/20.500.14352/104369</subfield>
   </datafield>
   <datafield ind1="8" ind2=" " tag="024">
      <subfield code="a">2052-6121</subfield>
   </datafield>
   <datafield ind1="8" ind2=" " tag="024">
      <subfield code="a">https://doi.org/10.1002/vrc2.675</subfield>
   </datafield>
   <datafield ind2="0" ind1="0" tag="245">
      <subfield code="a">Aplastic anaemia treated using eltrombopag in a dog</subfield>
   </datafield>
</record></metadata></record></GetRecord></OAI-PMH>